000 00422nam a2200181Ia 4500
001 4723
005 20260306145816.0
008 260306t2004||||xx |||||||||||||| ||spa||
041 _aESP
082 _a330.01
_bS91 2004
100 _aSullivan, William G
_eAUT
245 0 _aIngeniería económica
260 _c2004
300 _a720 páginas :
_c23 cm.
650 _aGEN
654 _aCAN
942 _cLIB
_dJUS
_fJUS
_2ddc
_n
999 _c4723
_d4723